Statistiques concernant Quiz sur Saint-Christophe-et-Niévès

Cliquez ici pour prendre le quiz!

Statistiques générales

  • Ce quiz a été pris 1 473 fois
  • Le résultat moyen est 10 sur 14

Statistiques - réponses

QuestionRéponse% Correct
Mer qui borde Saint-Christophe-et-NiévèsMer des Caraïbes
94%
Pays auquel Saint-Christophe-et-Niévès appartenait jusqu'en 1983Royaume-Uni
92%
Religion la plus pratiquéeProtestantisme
89%
Devise monétaireDollar
88%
Celui-ci fait partie de ce groupe d'îlesPetites {Antilles}
88%
Nom alternatif issu de l'anglais qui est parfois utilisé en françaisSaint-{Kitts}-et-Nevis
77%
Sport le plus populaireCricket
76%
Pays qui possède l'île de Saint-Eustache, située à 10 kilomètres de Saint-ChristophePays-Bas
69%
Territoire d'outre-mer de ce pays qui appartenait à Saint-Christophe jusqu'en 1967Anguilla
64%
Saint-Christophe-et-Niévès est le deuxième pays ayant
le plus de _____ par habitant, derrière Monaco
Milliardaires
63%
Capitale et plus grande villeBasseterre
62%
Capitale de l'île de Niévès, nommée d'après un roi anglais{Charles}town
52%
Archipel auquel Saint-Christophe-et-Niévès appartientÎles du {Vent}
52%
Père fondateur des États-Unis qui est né sur l'île de Nevis,
dont la vie a inspiré une comédie musicale de Broadway
Alexander Hamilton
25%

Distribution des résultats

Percentile par nombre de réponses

% des personnes avec chaque résultat

Votre développement - résultats

Vous n’avez pas pris ce quiz